|
|
|
|
| LEADER |
01922nam a22003137a 4500 |
| 001 |
34615 |
| 003 |
BD-DhAAL |
| 005 |
20221013145726.0 |
| 008 |
190425r20151974bg a|||| |||| 00| 0 ben d |
| 999 |
|
|
|c 40746
|d 40746
|
| 020 |
|
|
|a 9840753126
|
| 040 |
|
|
|a BD-DhAAL
|
| 041 |
|
|
|a ben
|
| 082 |
|
|
|a 954
|
| 100 |
|
|
|a আলবেরুনী, আবু রায়হান মুহম্মদ বিন আহমদ
|9 31384
|
| 245 |
|
|
|a আল-বেরুনীর ভারততত্ত্ব /
|c আবু রায়হান মুহম্মদ বিন আহমদ আলবেরুনী; আবু মহামেদ হবিবুল্লাহ অনুদিত
|
| 246 |
|
|
|a Alberunir bharat tatta
|
| 260 |
|
|
|a ঢাকা :
|b বাংলা একাডেমি,
|c ১৯৭৪ [দ্বিতীয় পুনমুর্দণ ২০১৫].
|
| 300 |
|
|
|a ৪১৬ পৃষ্ঠা :
|b চিত্র ;
|c ২২ সে.মি.
|
| 500 |
|
|
|a আবু রায়হান মুহম্মদ বিন আহমদ আলবেরুনীর ১০৩১ খ্রিষ্টাব্দে লিখিত গ্রন্থের অনুবাদ
|
| 526 |
|
|
|a AAL
|
| 541 |
|
|
|a রকমারি.COM (requisition from accounts), Donated By Akbar Ali Khan
|e 34615, 39602
|
| 650 |
|
|
|a India
|9 31385
|
| 651 |
|
|
|a India
|x History
|9 31387
|
| 700 |
|
|
|a হবিবুল্লাহ, আবু মহামেদ
|9 31386
|
| 852 |
|
|
|a Ayesha Abed Library
|c General Stacks
|
| 942 |
|
|
|2 ddc
|c BK
|
| 952 |
|
|
|0 0
|1 0
|2 ddc
|4 0
|6 954_000000000000000_ALB
|7 0
|9 65425
|a BRACUL
|b BRACUL
|c GEN
|d 2019-04-25
|e রকমারি.com
|g 233.00
|l 9
|m 26
|o 954 ALB
|p 3010034615
|q 2026-06-02
|r 2026-01-14
|s 2026-01-14
|t 1
|v 233.00
|w 2019-04-25
|y BK
|
| 952 |
|
|
|0 0
|1 0
|2 ddc
|4 0
|6 954_000000000000000_ALB
|7 1
|9 72062
|a BRACUL
|b BRACUL
|c CS1
|d 2022-10-13
|e Donated by Akbar Ali Khan
|l 0
|o 954 ALB
|p 3010039602
|r 2022-10-13
|t 2
|w 2022-10-13
|y BK
|